000 00568nam a22001697a 4500
005 20120618121327.0
020 _a8176296295
_c00
035 _aB-159336
037 _aDPL
_bENG
100 _aGoel, Aruna
_949252
245 _aHuman values and education /
_cby Aruna Goel and S.L. Goel
260 _aNew Delhi
_bDeep and Deep Publications
_c2005
300 _avii, 540p.
_c22 cms.
700 _aGoel, S.L.
_949253
942 _2ddc
_cEN
_h370
_mGOE
999 _c68042
_d68042